Space Adjacency Analysis (Record no. 8818)
[ view plain ]
| 000 -LEADER | |
|---|---|
| fixed length control field | 00268nam a2200121 4500 |
| 003 - CONTROL NUMBER IDENTIFIER | |
| control field | OSt |
| 005 - DATE AND TIME OF LATEST TRANSACTION | |
| control field | 20210208164202.0 |
| 008 - FIXED-LENGTH DATA ELEMENTS--GENERAL INFORMATION | |
| fixed length control field | 210208b ||||| |||| 00| 0 eng d |
| 082 ## - DEWEY DECIMAL CLASSIFICATION NUMBER | |
| Classification number | 729 |
| Item number | WHI |
| 100 ## - MAIN ENTRY--PERSONAL NAME | |
| Personal name | White T Edward |
| 245 ## - TITLE STATEMENT | |
| Title | Space Adjacency Analysis |
| 942 ## - ADDED ENTRY ELEMENTS (KOHA) | |
| Source of classification or shelving scheme | |
| Withdrawn status | Lost status | Source of classification or shelving scheme | Damaged status | Koha normalized classification for sorting | Not for loan | Permanent location | Current location | Date acquired | Total Checkouts | Full call number | Barcode | Date last seen | Date last borrowed | Price effective from | Koha item type |
|---|---|---|---|---|---|---|---|---|---|---|---|---|---|---|---|
| 729_000000000000000_WHI | BMS College of Architecture, Design and Planning | BMS College of Architecture, Design and Planning | 2021-02-08 | 17 | 729 WHI | AR-UG2120 | 2025-02-27 | 2025-02-11 | 2021-02-08 | UG Books |